000 00639nam a2200241Ia 4500
003 OSt
005 20221005065858.0
006 a|||||r|||| 00| 0
007 ta
008 221004b |||||||| |||| 00| 0 guj d
024 _a40765
037 _cTextual
040 _aCRL
_cCRL
_bguj
041 _2guj
_aguj
082 _aU8.42.N70, 156L0
100 _aSurathi Aabid Au.
_9605069
245 0 _aEk Jhalak japanani
260 _aMumbai
_bAshok Prakashan India
_c1970
300 _a260p.
_ccm.
650 _aGEOGRAPHY
942 _hU8.42.N70, 156L0
_cTEXL
_2cc
999 _c975332
_d975332